000 01432njm a2200313Ia 4500
001 L1977
003 IT-RoPAU
005 20220918181153.0
008 131025s9999 xx 000 0 und d
040 _aIT-RoPAU
040 _cIT-RoPAU
041 _aITALIANO
999 _c102324
_d102324
999 _bn.d.
100 _aAA.VV.
_9794
100 _eAutore musica
_933829
100 _gCodice autore musica SPICS: 12000
_9796
245 _aJoe Henderson In 'N' Around
250 _a1a ed.
260 _aMILANO
260 _bHACHETTE RUSCONI
_c2005 [1a Ed.:2005 - Ed. Lingua Orig.: 2005]
300 _aCOMPACT DISC
300 _c74 minuti (Testo: 0 pag.)
500 _aMusica jazz.
505 _aVisa (Charlie Parker, 9:58) - All the Things You Are (J. Kern, O. Hammerstein II, 13:45) - Rue Chaptal Royal Roost (K. Dorham, K. Clarke, Genova luglio 1987, 7:59) - Recorda me (J. Henderson, Milano luglio 1990, 3:16) - The Kicker (J. Henderson, New York agosto 1999, 3:28) - Inner Urge (J. Henderson, Boston ottobre 1989, 12:56) - Afro Centric (J. Henderson, New York marzo 2003, 6:46) - Out of the Night (J. Henderson, Bari settembre 2002, 6:11) - Mode For Joe (C. Walton, Napoli agosto 1996, 8:44).
511 _aC. Haden, A. Foster, F. Morgera, J. Jackson, J.D. Allen, B. Ware
650 _aJAZZ [COMPACT DISC]
_eCodice MATERIA SPICS: 9949
_911822
700 _aAA.VV.
_gCodice interprete SPICS: 12000
_eInterprete
_933830
942 _cCD
_2ddc